000 00651nam a2200205Ia 4500
005 20250923145346.0
008 008 250917s9999 xx 000 0 eng d
037 _aTextual
040 _aDSWL
_beng
_cDSWL
041 _aeng
_2eng
084 _aY73(Q2):7:7.236'M, N76
_qDSWL
100 _aJones, Kenneth W.
_9834455
245 0 _aArya Dharm: Hindu consciousnes in 19th century Punjab
_c by Kenneth W. Jones
260 _aBerkeley
_bUniversity of California Press
_c1976
300 _axvi,343p.
365 _aINR
_b122 . 22
925 _g122 . 22
942 _cTEXL
_hY73(Q2):7:7.236'M, N76
999 _c1450417
_d1450417